Les villes les plus peuplés de Turquie - Statistiques

Statistiques générales
  • Ce quiz a été pris 116 fois
  • Le résultat moyen est 7 sur 10
Statistiques - réponses
Population Ville % Correct
16,23M Istanbul
100%
5,55M Ankara
98%
3,15M Izmir
94%
1,39M Antalya
86%
2,14M Bursa
64%
1,45M Konya
57%
1,87M Adana
53%
1,85M Gaziantep
53%
1,12M Diyarbakir
34%
1,09M Mersin
33%
Aucun quiz correspondant
Distribution des résultats
% des personnes avec chaque résultat
Percentile par nombre de réponses
Votre historique - résultats
Vous n’avez pas pris ce quiz